|
|
|
|
| LEADER |
00000nkm a2200000 a 4500 |
| 001 |
vtls010712176 |
| 003 |
SK-MaSNL |
| 005 |
20260331210419.0 |
| 007 |
kf co |
| 008 |
231214n xr |g||||| |00 kuslo |
| 015 |
|
|
|a SNBG
|
| 035 |
|
|
|a F5D81C8D-0524-4570-8953-AC83EF289FAE
|
| 035 |
|
|
|a urn:nbn:sk:snk-kmxza9
|
| 035 |
|
|
|a urn:nbn:sk:snk-km007ae1
|
| 040 |
|
|
|a SNK
|b slo
|c SNK
|e AACR2
|
| 041 |
0 |
|
|a slo
|
| 043 |
|
|
|a e-xo---
|
| 044 |
|
|
|a xr
|c CZ
|
| 080 |
|
|
|a 913(437.6)
|2 2001
|
| 080 |
|
|
|a (437.6)
|2 2001
|
| 080 |
|
|
|a (084.121)
|2 2001
|
| 100 |
1 |
|
|a Tichý, Dušan
|4 pht
|9 231892
|
| 245 |
1 |
0 |
|a Orava
|h grafika
|c foto D. Tichý
|
| 260 |
|
|
|a Praha
|b Orbis
|c [s.a.]
|
| 300 |
|
|
|a 1 pohľadnica (5 čiastkových pohľadov)
|b farebná
|c 11 x 15 cm
|
| 651 |
|
7 |
|a Orava (Slovensko : región)
|2 SNKPH
|9 116635
|
| 655 |
|
7 |
|a miestne pohľadnice
|2 SNKPH
|9 70510
|
| 852 |
|
|
|a Slovenská národná knižnica
|
| 958 |
|
|
|a GC
|
| 958 |
|
|
|a GBN
|
| 958 |
|
|
|a OND
|
| 999 |
|
|
|c 1099708
|d 1101638
|
| 952 |
|
|
|a SNK
|b SNK
|y PREZ
|7 0
|p 17A0639759
|o snkSP 3662/a
|0 0
|1 0
|4 0
|d 2015-07-29
|f 1
|l 0
|r 2026-02-24 17:26:47
|w 2026-02-24
|